Statistiques concernant Circonscriptions de Wallonie

Cliquez ici pour prendre le quiz!

Statistiques générales

  • Ce quiz a été pris 19 fois
  • Le résultat moyen est 5 sur 11

Réponses sur la Carte

Les réponses sont colorées sur une échelle allant du rouge au vert en fonction du pourcentage des utilisateurs qui les ont devinées à leur premier essai. Vous pouvez retrouver ces pourcentages ci-dessous.
 

Statistiques - réponses

Réponse% Correct
Mons
100%
Liège
82%
Namur
82%
Verviers
53%
Nivelles
41%
Soignies
24%
Charleroi-Thuin
18%
Dinant-Philippeville
18%
Huy-Waremme
18%
Arlon-Marche-en-Famenne-Bastogne-Neufchâteau-Virton
12%
Tournai-Ath-Mouscron
12%

Distribution des résultats

Percentile par nombre de réponses

% des personnes avec chaque résultat

Votre développement - résultats

Vous n’avez pas pris ce quiz